[Event "Azerbaijan Championship 2022"]
[Site "Nakhchivan"]
[Date "2022.02.08"]
[Round "4.8"]
[White "Bayramov, Zaur"]
[Black "Muradli, Mahammad"]
[Result "0-1"]
[WhiteElo "2357"]
[BlackElo "2528"]
[Annotator "TA"]
[PlyCount "120"]
[EventDate "2022.02.05"]
[EventCountry "AZE"]
[SourceTitle "playchess.com"]
[Source "ChessBase"]
[SourceQuality "1"]

{[%evp 9,120,28,17,2,6,5,25,18,24,24,-66,14,27,10,18,0,59,59,56,56,60,18,31,27,31,31,38,26,25,18,25,0,0,0,0,0,0,0,0,0,0,0,0,0,0,0,0,-69,-70,-64,-59,-70,-62,-46,-24,-28,-21,-46,-16,-16,-16,-16,-16,-16,-16,-16,-16,-16,-16,-16,-16,-24,-25,-24,-24,-50,-50,-50,-51,-258,-275,-262,-242,-51,-53,-283,-261,-979,-979,-1187,-1187,-1187,-1187,-1187,-1187,-1187,-1153,-1145,-1145,-1131,-678,-1172,-1175,-1091,-1131,-954,-921,-879,0,-850,-769,-1514,-902]} 1. Nf3 d5 2. g3 c6 3. Bg2 Bg4 4. d3 Nd7 5. e4 Ne5 {[#]} 6. h3 $146 {A07: Réti Opening: New York and Capablanca Systems.} ({Predecessor:} 6. Nbd2 Nxf3+ 7. Bxf3 Bxf3 8. Qxf3 e6 9. Nf1 Nf6 10. h4 dxe4 11. dxe4 Qd4 12. Nd2 h5 {0-1 (47) Ismagambetov,A (2492)-Pridorozhni,A (2510) Alushta 2008}) 6... Bxf3 7. Bxf3 Nf6 8. Bg2 {White has an edge.} dxe4 9. dxe4 Qxd1+ 10. Kxd1 e6 11. Ke2 O-O-O 12. f4 Ng6 ({Black should play} 12... Ned7 $1 $11) 13. Be3 $14 h5 14. h4 $1 ({Don't play} 14. Bxa7 h4 15. f5 exf5 16. exf5 Ne5 $15) 14... Kb8 15. Nc3 (15. Bf3 $14 {should be considered.}) 15... Ng4 16. Rhd1 Be7 17. Rxd8+ Bxd8 18. Bg1 e5 19. f5 Ne7 20. Rd1 Bb6 21. Bxb6 axb6 22. a4 Kc7 23. Bf3 Nf6 24. Ke3 Nc8 25. b3 Nd6 26. Rd2 Rg8 27. Rg2 Kd7 28. g4 (28. Nd1 $11) 28... hxg4 $15 29. Bxg4 Rh8 30. h5 $1 Nxg4+ (30... Ke7 {seems wilder.} 31. Bf3 Nxh5 32. Rh2 g6 33. Nd1 Rh7) 31. Rxg4 Rxh5 32. Rxg7 {[#]} Rxf5 $1 33. exf5 Nxf5+ 34. Ke4 Nxg7 35. Kxe5 $11 {[%mdl 4096] Endgame KN-KN} Ke7 36. Ne4 $1 {Prevents f6+.} Ne8 37. b4 f6+ {[%cal Bf7f6,Bf6f5,Bf5f4,Bf4f3,Bf3f2][%mdl 32]} 38. Kf5 Ng7+ 39. Kg6 {[#]} f5 $1 40. Ng3 {[#]} (40. Nd2 Ne6) 40... f4 $1 41. Ne4 Ne6 {aiming for ...f3.} 42. c3 Nc7 $1 43. Kf5 Nd5 {Hoping for ...f3.} 44. Ke5 $2 ({Only move:} 44. Kg4 $1 $15) 44... f3 $1 $19 {[%cal Od5c3] White must now prevent ...Nxc3!} 45. Kd4 {[#]} Nf6 $1 46. Nd2 f2 {Strongly threatening ...Ng4.} 47. Ke3 $2 ({White has to play} 47. Kd3 $1 $15) 47... Nd5+ 48. Kxf2 $2 (48. Kd3) 48... Nxc3 49. Ke3 Nd5+ 50. Kd4 Nxb4 51. Nc4 {[#]} Nd5 $1 52. Ke5 Kd7 53. Kd4 Kc7 54. Nd2 Kb8 55. Nb3 Ka7 56. Kc4 Ka6 57. Kd4 Nc7 58. Ke5 Nd5 {And now ...Nc3 would win.} 59. Kd4 $1 {Inhibits Nc3.} Nf4 60. Ke4 Ne6 {Weighted Error Value: White=0.49/Black=0.11 (very precise)} 0-1

[Event "Azerbaijan Championship 2022"]
[Site "Nakhchivan"]
[Date "2022.02.08"]
[Round "4.9"]
[White "Bayramov, Elvin"]
[Black "Sevdimaliyev, Urfan"]
[Result "1-0"]
[WhiteElo "2280"]
[BlackElo "2359"]
[Annotator "TA"]
[PlyCount "197"]
[EventDate "2022.02.05"]
[EventCountry "AZE"]
[SourceTitle "playchess.com"]
[Source "ChessBase"]
[SourceQuality "1"]

{[%evp 14,197,1,-24,-18,-43,-50,-53,-61,-89,-20,-22,-17,-57,-9,-3,-14,-20,0,0,0,-25,-20,-31,-13,-25,-16,-19,-18,-59,-89,-72,-39,-168,-163,-172,-26,-54,5,8,8,0,0,0,0,0,0,0,0,0,0,0,0,0,0,0,0,0,0,0,0,0,0,0,0,0,0,0,0,0,0,0,0,0,0,0,0,0,0,0,0,0,0,0,0,-28000,-28000,-28000,-28000,-28000,-28000,-28000,-28000,-28000,-28000,-28000,-28000,-28000,-28000,-28000,-28000,-28000,-28000,-28000,-28000,-28000,-28000,-28000,-28000,-28000,-28000,-28000,-28000,-28000,-28000,-28000,-28000,-28000,-28000,-28000,-28000,-28000,-28000,-28000,-28000,-28000,-28000,-28000,-28000,-28000,-28000,-28000,-28000,-28000,-28000,-28000,-28000,-28000,-28000,-28000,-28000,-28000,-28000,-28000,-28000,-28000,-28000,-28000,-28000,-28000,-28000,-28000,-28000,-28000,-28000,-28000,-28000,-28000,-28000,-28000,-28000,-28000,-28000,-28000,-28000,-28000,-28000,-28000,-28000,-28000,-28000,-28000,-28000,-28000,-28000,-28000,-28000,-28000,-28000,-28000,27996,27996,27997,27995,27996,27996]} 1. c4 e6 2. Nf3 d5 3. d4 Nf6 4. g3 dxc4 5. Bg2 a6 6. a4 Nc6 7. O-O Rb8 8. Nc3 Bb4 {E04: Open Catalan: 5 Nf3.} 9. Na2 Be7 10. Qc2 b5 {Black is slightly better.} 11. Rd1 {[#]} Nd5 $146 (11... Bb7 $17 {Threatens to win with ...b4.} 12. Bg5 O-O) ({Predecessor:} 11... O-O 12. Ne5 Nxe5 13. dxe5 Nd7 14. Bc6 Rb6 15. Qe4 Nc5 16. Rxd8 Rxd8 17. Qc2 Nb3 18. Rb1 Rxc6 19. Be3 Rd5 20. Nc3 Rxe5 21. Bf4 Rec5 22. Be3 Re5 23. Bf4 {½-½ (23) Elstner,E (2141)-Legde,G (2353) Germany 2007}) 12. axb5 $11 axb5 13. Ne5 Ncb4 (13... Nxe5 $15 14. dxe5 Bd7) 14. Nxb4 Nxb4 15. Qc3 O-O 16. b3 $1 f6 $36 {[%mdl 2048] Black fights for an advantage.} 17. Ng4 Nd5 18. Qc2 cxb3 19. Qxb3 b4 20. Bd2 {Prevents Nc3.} h5 21. e4 hxg4 $15 22. exd5 Bb7 {[%cal Rb7d5]} 23. d6 (23. Ra5 $15) 23... Qxd6 $19 24. Bf4 Qb6 ({Black should try} 24... Qd7 $19 {White must now prevent ...Bxg2.} 25. d5 Bxd5 26. Bxd5 exd5) 25. Re1 Rf7 ({Better is} 25... Bxg2 $15 26. Kxg2 (26. Rxe6 Qb7 $17) 26... Ra8 27. Rxa8 Rxa8 28. Rxe6 Qb7+ 29. Rc6+ Kf8) 26. Rxe6 $11 Qxd4 27. Rd1 {Active counter play!} Qc3 28. Qxc3 bxc3 29. Rb1 g5 30. Be3 c6 $1 31. Rxc6 Rff8 32. Rxc3 Bxg2 33. Rxb8 Rxb8 34. Kxg2 {[%mdl 4096] Endgame KRB-KRB} Rb4 35. Rc8+ Kf7 36. Rc7 {[%cal Oc7e7] [#] Hoping for Rxe7+!} Re4 37. Bc5 Re5 38. Bd6 Re6 39. Bb4 Re4 40. Ba3 Re1 41. h3 gxh3+ 42. Kxh3 f5 43. g4 fxg4+ 44. Kxg4 Re4+ 45. Kf3 Re5 46. Kg4 Re4+ 47. Kf5 Rf4+ 48. Ke5 Rxf2 49. Rxe7+ $2 {[%mdl 8192] KRB-KR} (49. Kd4 $11) 49... Kg6 $4 {[%mdl 8192]} (49... Kg8 50. Ra7 Rf7) 50. Re6+ Kh5 51. Rc6 Kg4 $4 {[%mdl 8192]} (51... Re2+ 52. Kf6 Rf2+ 53. Kg7 Re2) 52. Bc1 Rf5+ $4 {[%mdl 8192]} (52... Re2+ 53. Kf6 Kh5) 53. Ke4 Ra5 $4 {[%mdl 8192]} (53... Rb5 54. Rc4 Kh3) 54. Rc4 Rb5 $4 {[%mdl 8192]} (54... Kh5 55. Bd2 Ra2) 55. Bd2 Kh5 56. Kf3 Rd5 $4 {[%mdl 8192]} (56... Rb3+ 57. Ke4 Rb2) 57. Be3 Ra5 $4 {[%mdl 8192]} (57... Rb5 58. Rc8 Rf5+ 59. Kg3 Re5) 58. Rc8 Rb5 $4 {[%mdl 8192]} (58... Rf5+ 59. Ke4 Rb5) 59. Bd4 Rb3+ 60. Bc3 Rb5 $4 {[%mdl 8192]} (60... g4+ 61. Kg3 Ra3) 61. Rh8+ Kg6 62. Kg4 Rc5 $4 {[%mdl 8192]} (62... Rb3 63. Rc8 Kf7) 63. Bd4 Rd5 $4 {[%mdl 8192]} (63... Rc4 64. Rd8 Kf7) 64. Bf2 Ra5 $4 {[%mdl 8192]} (64... Kg7 65. Rb8 Kf6) 65. Rg8+ Kf6 $4 {[%mdl 8192]} (65... Kf7 66. Rb8 Kf6) 66. Bd4+ Kf7 $4 {[%mdl 8192]} (66... Ke7 67. Be3 Kf7) 67. Rg7+ Ke6 $4 {[%mdl 8192]} (67... Kf8 68. Bf6 Rd5) 68. Rg6+ Kf7 $4 {[%mdl 8192]} (68... Kd7 69. Bf6 Rc5) 69. Rf6+ Ke7 70. Rf1 Ra4 71. Rd1 Ra5 $4 {[%mdl 8192]} (71... Kd6 72. Kxg5 Ke6) 72. Be3 Ke6 $4 {[%mdl 8192]} (72... Ra4+ 73. Kxg5 Ra5+ 74. Kg4 Ra6) 73. Bxg5 Rd5 $4 {[%mdl 8192]} (73... Ra4+ 74. Bf4 Ra6) 74. Ra1 Rd4+ 75. Bf4 Rb4 $4 {[%mdl 8192]} (75... Rc4 76. Ra5 Rb4) 76. Ra6+ Kd5 77. Kf5 Rb1 $4 {[%mdl 8192]} (77... Rb5 78. Be3 Rb1) 78. Rd6+ Kc5 79. Rd7 Rf1 $4 {[%mdl 8192]} (79... Rb5 80. Rd1 Rb3) 80. Ke4 Re1+ 81. Be3+ Kc6 82. Rd3 Rh1 $4 {[%mdl 8192]} (82... Kb5 83. Rb3+ Kc6) 83. Rc3+ Kd7 $4 {[%mdl 8192]} (83... Kd6 84. Bf4+ Ke6) 84. Bd4 Rh5 $4 {[%mdl 8192]} (84... Rf1 85. Kd5 Rd1) 85. Be5 Rh1 $4 {[%mdl 8192]} (85... Rh4+ 86. Kd5 Rh6) 86. Kd5 Rd1+ 87. Bd4 Rd2 $4 {[%mdl 8192]} (87... Rb1 88. Rh3 Rd1) 88. Ra3 Rc2 $4 {[%mdl 8192]} (88... Ke8 89. Ra7 Kd8) 89. Ra6 Rc1 $4 {[%mdl 8192]} (89... Rd2 90. Ra7+ Kd8) 90. Rd6+ Ke7 $4 {[%mdl 8192]} (90... Kc8 91. Rb6 Kc7) 91. Rg6 Rf1 $4 {[%mdl 8192]} (91... Rd1 92. Rg7+ Kd8) 92. Ra6 Rd1 $4 {[%mdl 8192]} (92... Rf5+ 93. Be5 Kf7) 93. Ra7+ Kf8 $4 {[%mdl 8192]} (93... Kd8 94. Rg7 Rd2) 94. Ke5 Kg8 $4 {[%mdl 8192]} (94... Re1+ 95. Kf6 Ke8) 95. Rd7 Rf1 $4 {[%mdl 8192]} (95... Re1+ 96. Kf6 Rf1+ 97. Ke6 Rf7) 96. Ke6 Rf3 $4 {[%mdl 8192]} (96... Rf7 97. Rd5 Rf8) 97. Rg7+ {White mates.} Kf8 98. Rh7 {[%cal Rh7h8] [#]} Rg3 99. Rc7 {A wild game.  Weighted Error Value: White=0.26 (precise) /Black=0.12 (very precise)} 1-0

[Event "Azerbaijan Championship 2022"]
[Site "Nakhchivan"]
[Date "2022.02.08"]
[Round "4.10"]
[White "Talibov, Shiroghlan"]
[Black "Atakishiyev, Elmar"]
[Result "1/2-1/2"]
[WhiteElo "2307"]
[BlackElo "2240"]
[Annotator "TA"]
[PlyCount "80"]
[EventDate "2022.02.05"]
[EventCountry "AZE"]
[SourceTitle "playchess.com"]
[Source "ChessBase"]
[SourceQuality "1"]

{[%evp 26,80,0,0,14,9,9,5,0,0,43,0,0,14,26,17,24,30,27,29,25,29,22,-12,-13,-13,-17,-19,0,0,0,0,0,0,0,0,0,0,7,0,1,0,0,-8,0,0,0,0,8,8,8,0,8,-8,-8,-8,-8]} 1. Nf3 Nf6 2. c4 g6 3. Nc3 d5 4. d4 Bg7 5. cxd5 Nxd5 6. e4 Nxc3 7. bxc3 c5 8. Rb1 O-O 9. Be2 cxd4 10. cxd4 Qa5+ 11. Qd2 Qxd2+ 12. Bxd2 b6 13. O-O Bb7 14. d5 Rc8 {has lost popularity (14...Ba6). D85: Exchange Grünfeld: Unusual White 7th moves and lines with 7 Nf3.} 15. Rfc1 Nd7 16. Bb4 Kf8 17. Bb5 {[#]} Ke8 $146 (17... Rxc1+ $11 18. Rxc1 Rc8 19. Rxc8+ Bxc8) ({Predecessor:} 17... Rxc1+ 18. Rxc1 Rc8 19. Rxc8+ Bxc8 20. d6 e6 21. e5 Ke8 22. Bc6 Kd8 23. Bc3 h6 {1-0 (64) Pravec,L (2327)-Fric,P (2407) ICCF email 2008}) 18. Rxc8+ (18. Ng5 {looks sharper.} Bh6 19. f4 a6 20. Bd3 Rxc1+ 21. Rxc1 Rc8 22. Rxc8+ Bxc8 23. Kf2) 18... Rxc8 19. a4 Rc2 20. a5 bxa5 21. Bxa5 {[#] aiming for Bxd7+.} Rb2 22. Rxb2 Bxb2 23. Ng5 {[%cal Og5f7]} Bc8 24. Nxh7 {The position is equal.} f6 {To avoid Ng5} 25. f4 Kf7 26. e5 {[#]} Nxe5 27. fxe5 Bd4+ 28. Kf1 Bxe5 29. h4 Kg7 30. Nxf6 Kxf6 $11 {[%mdl 4096] Endgame KBB-KBB} 31. Kf2 {Inhibits Bg3+.} e6 32. dxe6 Bxe6 33. Bd2 Bc7 34. Bd3 Bf5 35. Bxf5 Kxf5 {KB-KB} 36. Kf3 a5 37. g4+ Kf6 38. h5 gxh5 39. Bxa5 hxg4+ 40. Kxg4 Bxa5 {An interesting draw.  Weighted Error Value: White=0.04 (flawless) /Black=0.06 (flawless)} 1/2-1/2

[Event "Azerbaijan Championship 2022"]
[Site "Nakhchivan"]
[Date "2022.02.08"]
[Round "4.11"]
[White "Mammadov, Sadig"]
[Black "Eynullayev, Atilla"]
[Result "0-1"]
[WhiteElo "2220"]
[BlackElo "2324"]
[Annotator "ChessBase"]
[PlyCount "120"]
[EventDate "2022.02.05"]
[EventCountry "AZE"]
[SourceTitle "playchess.com"]
[Source "ChessBase"]
[SourceQuality "1"]
[TimeControl "40/5400+30:1800+30"]

1. d4 {[%emt 0:00:49]} Nf6 {[%emt 0:00:23]} 2. c4 {[%emt 0:00:30]} g6 {[%emt 0:00:00]} 3. g3 {[%emt 0:00:06]} Bg7 {[%emt 0:00:17]} 4. Bg2 d5 {[%emt 0:00:00]} 5. cxd5 {[%emt 0:00:11]} Nxd5 {[%emt 0:00:00]} 6. e4 {[%emt 0:00:27]} Nb6 7. Ne2 {[%emt 0:00:09]} c5 {[%emt 0:00:17]} 8. d5 {[%emt 0:00:05]} O-O {[%emt 0:00:05]} 9. O-O {[%emt 0:00:09]} e6 {[%emt 0:00:07]} 10. Nec3 {[%emt 0:00:12]} Na6 {[%emt 0:00:05]} 11. a3 {[%emt 0:04:58]} exd5 {[%emt 0:03:52]} 12. exd5 {[%emt 0:00:02]} Nc4 {[%emt 0:01:23]} 13. Bf4 Re8 {[%emt 0:09:06]} 14. b3 {[%emt 0:18:29]} Nd6 {[%emt 0:03:02]} 15. g4 {[%emt 0:06:58]} b5 {[%emt 0:07:28]} 16. Ra2 {[%emt 0:11:04]} b4 {[%emt 0:06:31]} 17. axb4 {[%emt 0:00:40]} Nxb4 {[%emt 0:00:14]} 18. Ra4 {[%emt 0:03:55]} a5 {[%emt 0:12:34]} 19. Qf3 {[%emt 0:20:22]} Bd7 {[%emt 0:10:18]} 20. Ra1 {[%emt 0:04:53]} Nb5 {[%emt 0:03:31]} 21. Qg3 {[%emt 0:06:15]} Qf6 {[%emt 0:04:41]} 22. Bd2 {[%emt 0:07:59]} Nd4 {[%emt 0:02:56]} 23. Ra3 {[%emt 0:02:16]} Bb5 {[%emt 0:03:40]} 24. Rc1 {[%emt 0:03:48]} Bd7 {[%emt 0:03:21]} 25. h3 {[%emt 0:02:21]} Ndc2 {[%emt 0:01:21]} 26. Qc7 {[%emt 0:01:20]} Nxa3 {[%emt 0:01:06]} 27. Nxa3 {[%emt 0:00:17]} Nd3 {[%emt 0:01:00]} 28. Rf1 {[%emt 0:00:05]} Qd8 {[%emt 0:01:06]} 29. Qg3 {[%emt 0:01:32]} Nb4 {[%emt 0:00:44]} 30. Nc4 {[%emt 0:00:57]} Nc2 {[%emt 0:01:45]} 31. Ne4 {[%emt 0:01:30]} Nd4 {[%emt 0:01:31]} 32. Kh1 {[%emt 0:01:13]} a4 {[%emt 0:01:36]} 33. bxa4 {[%emt 0:01:11]} Rxa4 {[%emt 0:00:58]} 34. Ncd6 {[%emt 0:00:19]} Be5 {[%emt 0:01:16]} 35. Qd3 {[%emt 0:00:51]} c4 {[%emt 0:01:12]} 36. Qb1 {[%emt 0:01:10]} Rf8 {[%emt 0:03:46]} 37. Nb7 {[%emt 0:00:43]} Qb8 {[%emt 0:03:12]} 38. Nec5 {[%emt 0:00:17]} Bb5 {[%emt 0:03:10]} 39. Bc3 {[%emt 0:00:32]} Nb3 {[%emt 0:02:21]} 40. Nxa4 {[%emt 0:00:00]} Bxa4 {[%emt 0:00:00]} 41. Bxe5 {[%emt 0:02:05]} Qxe5 {[%emt 0:01:20]} 42. Re1 {[%emt 0:08:26]} Qd4 {[%emt 0:02:34]} 43. Qa2 {[%emt 0:09:35]} c3 {[%emt 0:01:35]} 44. d6 {[%emt 0:03:10]} Qd2 {[%emt 0:19:23]} 45. Qxd2 {[%emt 0:00:20]} cxd2 {[%emt 0:00:05]} 46. Rd1 {[%emt 0:00:05]} Re8 {[%emt 0:00:17]} 47. Bf3 {[%emt 0:01:09]} Re1+ {[%emt 0:01:14]} 48. Kg2 {[%emt 0:01:15]} Kf8 {[%emt 0:02:01]} 49. Kg3 {[%emt 0:07:25]} g5 {[%emt 0:00:26]} 50. h4 {[%emt 0:00:33]} h6 {[%emt 0:00:05]} 51. hxg5 {[%emt 0:00:04]} hxg5 {[%emt 0:00:04]} 52. Na5 {[%emt 0:01:26]} Rxd1 {[%emt 0:07:36]} 53. Bxd1 {[%emt 0:00:01]} Nc5 {[%emt 0:01:17]} 54. d7 {[%emt 0:01:55]} Ke7 {[%emt 0:00:09]} 55. Nb7 {[%emt 0:00:17]} Nxb7 {[%emt 0:00:05]} 56. Bxa4 {[%emt 0:00:02]} Nc5 {[%emt 0:00:04]} 57. Bc2 {[%emt 0:00:55]} Ne4+ {[%emt 0:00:03]} 58. Bxe4 {[%emt 0:00:43]} d1=Q {[%emt 0:00:08]} 59. Bf5 {[%emt 0:00:03]} Kf6 {[%emt 0:00:17]} 60. f4 {[%emt 0:00:56]} Qd6 {[%emt 0:00:08]} 0-1

[Event "Azerbaijan Championship 2022"]
[Site "Nakhchivan"]
[Date "2022.02.08"]
[Round "4.12"]
[White "Mustafayev, Farid"]
[Black "Babayev, Talib"]
[Result "1-0"]
[WhiteElo "2322"]
[BlackElo "2256"]
[Annotator "TA"]
[PlyCount "89"]
[EventDate "2022.02.05"]
[EventCountry "AZE"]
[SourceTitle "playchess.com"]
[Source "ChessBase"]
[SourceQuality "1"]

{[%evp 11,89,9,23,25,30,13,23,0,24,23,33,31,35,20,27,23,110,0,0,0,0,0,0,0,0,0,11,0,72,-115,76,81,75,-105,17,-60,-62,-204,0,0,0,0,0,0,0,0,0,0,0,0,0,0,0,0,0,0,0,0,0,0,4,0,0,0,23,15,61,61,87,47,438,189,29965,29965,29978,29979,29977,29978,29987,29988]} 1. d4 Nf6 2. c4 g6 3. g3 Bg7 4. Bg2 O-O 5. e4 d6 6. Ne2 e5 7. d5 {E60: King's Indian: Unusual lines and Fianchetto Variation without Nc3.} a5 8. Nbc3 Na6 9. h3 {White has an edge.} Bd7 10. Be3 Ne8 11. Qd2 f5 12. exf5 gxf5 13. f4 e4 (13... Qe7 $11) 14. O-O (14. O-O-O $16) 14... Nc5 $11 {[#]} 15. Nd4 $146 ({Predecessor:} 15. Bd4 Qe7 16. Nd1 Nf6 17. Nf2 Rfe8 18. Qe3 Nd3 19. Nxd3 exd3 20. Qxe7 Rxe7 21. Nc1 {½-½ (63) Short,P (2298)-Mudrak,J (2387) Limerick 2004}) 15... Qf6 16. g4 fxg4 17. hxg4 Bxg4 18. Nxe4 Nxe4 19. Bxe4 Kh8 (19... Qh4 $11) 20. f5 $2 (20. Qh2 $16 {[%csl Ge4][%cal Rh2h7] and life is bright.} Qh6 21. Qxh6 Bxh6 22. Ne6) 20... Qe7 $2 (20... Rg8 $1 $17 {keeps the pressure on. ...Qh4 is the strong threat.} 21. Ne6 Bh3) 21. Ne6 $16 {aiming for Rf4.} Rg8 {Threatens to win with ...Bh3.} 22. Kh1 $2 {[#] White is much more active.} (22. Nxg7 $16 {stays on course.} Be2 23. Qxe2 Qxe4 24. Rf4 $1 (24. f6 $2 Nxg7 25. Qf3 Qh4 $19) 24... Rxg7+ 25. Kh2) 22... Bh3 ({Of course not} 22... Qh4+ $6 23. Qh2 Qxh2+ 24. Kxh2 Bxb2 25. Rae1 $15) (22... Be5 $1 $17 23. Bf4 Nf6) 23. Rf3 (23. Bg5 $11 Nf6 24. Qh2 (24. Bg2 Bxg2+ 25. Qxg2 Bh6 $16) 24... Bxf1 25. Rxf1) 23... Qh4 $15 {[%csl LRe4,LRf5]} 24. Qf2 {[#] Prevents Bg2+.} Bf6 $2 (24... Qxe4 $2 25. Ng5 Bg2+ 26. Qxg2 $18) (24... Bg2+ $1 $19 {[%mdl 512]} 25. Kxg2 Bxb2+ 26. Bg5 Qg4+ 27. Qg3 Qxg3+ 28. Rxg3 Bxa1) 25. Qxh4 $11 {Really sharp!} Bg2+ 26. Kh2 $1 Bxh4 27. Bd4+ Bf6 {White must now prevent ...Bxd4.} 28. Rf4 $1 Bxd4 29. Nxd4 Bxe4 30. Rxe4 Nf6 31. Rh4 Rae8 32. Ne6 c6 33. dxc6 bxc6 34. Rg1 c5 35. Rxg8+ Rxg8 {[%mdl 4096] Endgame KRN-KRN} 36. Rf4 a4 37. Rf3 h6 38. Ra3 Ng4+ (38... Rb8 $11 {might be stronger.}) 39. Kh3 $14 Nf2+ 40. Kh4 {Strongly threatening f6.} Rg4+ (40... Ne4 $14) 41. Kh5 $18 Rxc4 $2 (41... Kg8 $18) 42. f6 {[%cal Bf5f6,Bf6f7][%mdl 32] White mates.} Ng4 43. f7 Nf6+ 44. Kxh6 Nd7 45. Kg5 {Weighted Error Value: White=0.33/Black=0.72} 1-0

[Event "Azerbaijan Championship 2022"]
[Site "Nakhchivan"]
[Date "2022.02.09"]
[Round "5.1"]
[White "Ahmadzada, Ahmad"]
[Black "Durarbayli, Vasif"]
[Result "0-1"]
[WhiteElo "2467"]
[BlackElo "2615"]
[Annotator "TA"]
[PlyCount "28"]
[EventDate "2022.02.05"]
[EventCountry "AZE"]
[SourceTitle "playchess.com"]
[Source "ChessBase"]
[SourceQuality "1"]

{[%evp 18,28,-32,-43,-47,-58,-46,-106,-72,-301,-305,-313,-296]} 1. d4 d5 2. Nf3 Nf6 3. c4 e6 4. g3 dxc4 5. Qa4+ Nbd7 6. Bg2 a6 7. Qxc4 b5 8. Qc2 Bb7 9. O-O c5 10. Nc3 Rc8 {[#] Hoping for ...cxd4. E03: Open Catalan: 5 Qa4+ Nbd7 6 Qxc4.} 11. dxc5 Bxc5 {Strongly threatening ...b4.} 12. Ng5 {[#]} (12. a3 $15) 12... Qb6 $146 ({Predecessor:} 12... Bxg2 13. Kxg2 O-O 14. a3 Bd4 15. Bd2 Ne5 16. Rad1 Qb6 17. Qb1 Qc6+ 18. Nf3 Nc4 {0-1 (33) Arutiunov,A-Klovans,J Yerevan 1980}) 13. Nge4 $2 (13. Bxb7 $17 Qxb7 14. a3) 13... Bxe4 $19 14. Bxe4 b4 {White did not feel at home in the position after the opening.  Weighted Error Value: White=0.94/Black=0.08 (flawless)} 0-1

[Event "Azerbaijan Championship 2022"]
[Site "Nakhchivan"]
[Date "2022.02.09"]
[Round "5.2"]
[White "Mamedov, Nidjat"]
[Black "Ibrahimli, Murad"]
[Result "0-1"]
[WhiteElo "2604"]
[BlackElo "2418"]
[Annotator "TA"]
[PlyCount "86"]
[EventDate "2022.02.05"]
[EventCountry "AZE"]
[SourceTitle "playchess.com"]
[Source "ChessBase"]
[SourceQuality "1"]

{[%evp 15,86,14,27,22,15,17,20,16,27,27,27,19,34,17,20,13,18,8,20,27,40,48,50,13,6,0,0,12,3,17,26,31,37,0,0,0,0,-45,-41,-81,-64,-81,-81,-97,-85,-166,-168,-158,-147,-157,-129,-231,-274,-350,-337,-459,-458,-430,-238,-416,-133,-574,-572,-597,-544,-761,-732,-914,-900,-2156,-1884,-3427,-1227]} 1. e4 c5 2. Nf3 d6 3. d4 cxd4 4. Nxd4 Nf6 5. Nc3 a6 6. f3 e5 7. Nb3 Be6 8. Be3 h5 9. Nd5 {B90: Sicilian Najdorf: Unusual White 6th moves, 6 Be3 Ng4 and 6 Be3 e5.} Bxd5 10. exd5 Nbd7 11. Qd2 {The position is equal.} g6 12. Be2 Bg7 13. O-O O-O 14. c4 a5 15. Rad1 Re8 16. Kh1 b6 17. Na1 {[%cal Bb3a1,Ba1c2,Bc2a3,Ba3b5][%mdl 32]} Nc5 18. Nc2 Qd7 {[#]} 19. h3 $146 ({Predecessor:} 19. b3 Kh7 20. Rde1 h4 21. Bd1 Rh8 22. Na3 Nh5 23. Nb5 Ng3+ 24. hxg3 hxg3 25. Kg1 {0-1 (52) Tyutyunnik,R (2253)-Ploscaru,S (2290) LSS email 2020}) 19... h4 20. Qe1 Qf5 21. Na3 g5 22. Nb5 Rad8 23. Qd2 Nh5 24. Rf2 Nf4 25. Bf1 Qg6 26. a3 (26. b3 $11) 26... a4 $15 27. Nc3 {[%cal Oc3e4]} f5 {Black is much more active.} 28. Qc2 Ra8 29. Kg1 Re7 30. Kh1 {[#]} (30. Na2 $17 {is a better defense.}) 30... Nh5 $1 $19 31. Kg1 Ng3 32. Qd2 Bf6 33. Bd3 (33. Nb5 $17) 33... e4 34. Bc2 Rae8 35. f4 gxf4 36. Rxf4 Nh5 {Pair of Knights!} (36... Nd3 $142 37. Ne2 (37. Bxd3 $2 exd3 38. Bxb6 Ne2+ 39. Nxe2 Rxe2 $19) 37... Nxe2+ 38. Qxe2 Be5) 37. Rff1 (37. Rf2) 37... Be5 $2 (37... Nd3 $19 {is more deadly.} 38. Nb5 (38. Bxa4 $2 Rb8 $19) (38. Bxb6 $2 Nxb2 39. Nb5 Nxc4 $19) (38. Bxd3 $2 exd3 39. Qxd3 Rxe3 $19) 38... Be5) 38. Qf2 $2 {[%mdl 8192] Loses the game.} (38. Ne2 $17 {nothing else works.}) 38... Ng3 {Black is clearly winning.} 39. Rfe1 f4 {[%cal Bf5f4,Bf4f3][%mdl 32]} 40. Bxc5 bxc5 41. Bxa4 Rf8 {[#] White must now prevent ...f3.} 42. Nb5 f3 {[%cal Og3h1] ( -> ...Nh1!)} 43. Bc2 Ne2+ {Weighted Error Value: White=0.73/Black=0.14 (very precise)} (43... Rg7 $142 44. Nc3 fxg2 45. Bxe4 Nxe4 46. Nxe4 Rxf2 47. Nxf2 Qg3 48. Rxe5 Qxe5 49. Ng4 Qe2 50. Nh6+ Kh8 51. Ng4 Rf7 52. Nf6 Rxf6 53. Kh2 Qf2 54. Rg1 Qg3#) 0-1

[Event "Azerbaijan Championship 2022"]
[Site "Nakhchivan"]
[Date "2022.02.09"]
[Round "5.3"]
[White "Gasimov, Parviz"]
[Black "Suleymanli, Aydin"]
[Result "1/2-1/2"]
[WhiteElo "2379"]
[BlackElo "2530"]
[Annotator "TA"]
[PlyCount "73"]
[EventDate "2022.02.05"]
[EventCountry "AZE"]
[SourceTitle "playchess.com"]
[Source "ChessBase"]
[SourceQuality "1"]

{[%evp 20,73,39,32,35,14,26,3,25,13,22,8,16,17,26,7,35,0,27,-9,-9,-4,-5,-9,-8,-14,-11,-18,-18,-18,-6,-7,0,-15,0,0,0,0,0,0,0,0,2,2,2,2,2,0,0,0,2,0,0,0,2,0]} 1. e4 c6 2. Nc3 d5 3. Nf3 Bg4 4. h3 Bxf3 5. Qxf3 e6 6. d4 Nf6 7. Bd3 dxe4 8. Nxe4 Nxe4 9. Qxe4 Nd7 10. c3 Nf6 11. Qf3 (11. Qe3 {looks sharper.} Bd6 12. Qf3 O-O 13. Bg5 a5 14. h4) 11... Qd5 {B17: Caro-Kann: Modern Line (4...Nd7).} 12. Qxd5 Nxd5 13. Be3 O-O-O 14. O-O-O {[#]} Be7 $146 ({Predecessor:} 14... Bd6 15. Kb1 h6 16. Rhe1 Rhe8 17. Bd2 Kb8 18. a3 c5 19. Bb5 Rf8 20. dxc5 Bxc5 21. Rf1 e5 {½-½ (46) Reszka,M (2074)-Khusnutdinova,L (2254) Chalkidiki 2001}) 15. Rhe1 Rd7 16. Kc2 Rhd8 17. Be4 ({Of course not} 17. Bxh7 g6 $15) 17... g6 18. Bf3 (18. Bc1 {is interesting.} b5 19. Rd3 a5 20. Rf3 Bd6 21. Bg5) 18... c5 19. dxc5 Nxe3+ {The position is equal.} 20. fxe3 Bxc5 21. Rxd7 Rxd7 $11 {[%mdl 4096] Endgame KRB-KRB} 22. b4 Bf8 23. Rd1 Rxd1 24. Bxd1 {KB-KB} Bh6 25. Kd3 Bg7 26. Bf3 Kc7 27. c4 {[%cal Bc3c4,Bc4c5][%mdl 32]} Bf8 28. c5 a5 29. a3 {[%cal Ba2a3,Ba3b4,Bb4c5][%mdl 32]} axb4 30. axb4 b6 31. Kc4 bxc5 32. bxc5 Bh6 33. Kd3 Bf8 34. Kc4 Bh6 35. Kd3 Bf8 36. Kc4 Bh6 37. Kd3 {A rather calm draw.  Weighted Error Value: White=0.09 (flawless) /Black=0.06 (flawless)} 1/2-1/2